000 00503nam a2200193Ia 4500
005 20250326144856.0
008 250326s9999 xx 000 0 und d
020 _a0-915299-36-4
037 _aTextbook
040 _aFMSL
_beng
_cFMSL
041 _aeng
_2eng
084 _aX:8 P3
_qFMSL
100 _aFord Henry
_9750249
245 0 _aToday and tomorrow
_cFord Henry
260 _aNY
_bNY, Productivity
_c2003
300 _axviii,262
942 _cTB
_hX:8 P3
999 _c1305416
_d1305416